Logo BPK

Biblioteka

Politechniki Koszalińskiej

Biblioteki i ośrodki informacji naukowej Rzeszowa i województwa rzeszowskiego : (Rekord nr 26186)

Szczegóły MARC
000 -ETYKIETA REKORDU
podpole kontrolne o stałej długości 01271nam a2200325 i 4500
001 - NUMER KONTROLNY REKORDU
pole kontrolne bg
003 - IDENTYFIKATOR NUMERU KONTROLNEGO REKORDU
podpole kontrolne BPK
005 - DATA OSTATNIEJ MODYFIKACJI REKORDU
podpole kontrolne 20240405063041.0
008 - POLE O STAŁEJ DŁUGOŚCI - DANE KONTROLNE
podpole kontrolne o stałej długości 050901s1973 pl |000 0 pol
015 ## - NUMER BIBLIOGRAFII NARODOWEJ
Numer bibliografii narodowej PB 1974/2096
040 ## - ŹRÓDŁO KATALOGOWANIA
Instytucja, która sporządziła opis WA N
Instytucja, która utworzyła rekord BPK
041 0# - KOD JĘZYKA
Kod języka tekstu pol
080 ## - UNIWERSALNA KLASYFIKACJA DZIESIĘTNA - UKD
UKD 026/027(438)
080 ## - UNIWERSALNA KLASYFIKACJA DZIESIĘTNA - UKD
UKD 002.6(438)
100 1# - NAZWA OSOBOWA
Nazwa osobowa Bieniasz, Ewa.
245 10 - TYTUŁ/ODPOWIEDZIALNOŚĆ
Tytuł Biblioteki i ośrodki informacji naukowej Rzeszowa i województwa rzeszowskiego :
Ciąg dalszy tytułu informator /
Pozostałe elementy strefy tytułu i oznaczenia odpowiedzialności Ewa Bieniasz, Adam Dąbrowski.
260 ## - STREFA ADRESU WYDAWNICZEGO
Miejsce wydania Warszawa :
Nazwa wydawcy/dystrybutora Polska Akademia Nauk, Ośrodek Dokumentacji i Informacji Naukowe ; Wyższa Szkoła Inżynierska, Biblioteka Główna,
Data publikacji, dystrybucji/powstania dokumentu 1973 :
Nazwa producenta (Powiel. Ośr. Dok. i Inf. Nauk. PAN).
300 ## - STREFA OPISU FIZYCZNEGO
Objętość 235 s. ;
Rozmiary 25 cm.
490 1# - STREFA SERII I DOKUMENTU WIELOCZĘŚCIOWEGO - FORMA NIE DO WYSZUKIWANIA
Tytuł i oznaczenie odpowiedzialności serii Prace ODiIN PAN ;
Numeracja w obrębie serii nr 13.
650 #4 - HASŁO PRZEDMIOTOWE W FORMIE NAZWY OGÓLNEJ LUB JEDNOSTKOWEJ
Nazwa ogólna lub geograficzna Bibliotekarstwo
Określnik geograficzny Polska
Określnik chronologiczny 1956-1989 r.
650 #4 - HASŁO PRZEDMIOTOWE W FORMIE NAZWY OGÓLNEJ LUB JEDNOSTKOWEJ
Nazwa ogólna lub geograficzna Ośrodki informacji
Określnik geograficzny Polska
Określnik chronologiczny 1956-1989 r.
651 #4 - HASŁO PRZEDMIOTOWE W FORMIE NAZWY GEOGRAFICZNEJ
Nazwa geograficzna Rzeszów (woj. podkarpackie ; okręg)
Określnik ogólny bibliotekarstwo
Określnik chronologiczny 1956-1989 r.
655 #4 - TERMIN INDEKSOWY - OKREŚLENIE RODZAJU/FORMY DOKUMENTU
Określenie rodzaju/formy dokumentu Informator
648 #4 - HASŁO PRZEDMIOTOWE - TERMIN CHRONOLOGICZNY
Termin chronologiczny 1901-2000
648 #4 - HASŁO PRZEDMIOTOWE - TERMIN CHRONOLOGICZNY
Termin chronologiczny 1945-1989
700 1# - HASŁO DODATKOWE - NAZWA OSOBOWA
Nazwa osobowa Dąbrowski, Adam.
830 #0 - HASŁO DODATKOWE SERII LUB DOKUMENTU WIELOCZĘŚCIOWEGO - TYTUŁ UJEDNOLICONY
Tytuł ujednolicony Prace ODiIN PAN ;
Oznaczenie tomu nr 13.
856 ## - LOKALIZACJA I DOSTĘP DO ELEKTRONICZNYCH DOKUMENTÓW ZDALNYCH
Link (URL) http://koha.tu.koszalin.pl/cgi-bin/koha/opac-detail.pl?biblionumber=26186
942 ## - DODATKOWE ELEMENTY (KOHA)
Schemat klasyfikacji Uniwersalna Klasyfikacja Dziesiętna
Typ dokumentu Książka
Egzemplarze
Wycofany Status egzemplarza Uszkodzony Dostępność Lokalizacja stała Lokalizacja bieżąca Miejsce przechowywania Sygnatura Kod kreskowy Typ dokumentu
      Dostępny Biblioteka Politechniki Koszalińskiej Biblioteka Politechniki Koszalińskiej Wypożyczalnia BG 17364 01712056 Książka
© 2023 Biblioteka Politechniki Koszalińskiej :: KOHA